Projects portfolio prototyping / (Rekord nr 9727)
| 000 -ETYKIETA REKORDU | |
|---|---|
| podpole kontrolne o stałej długości | 00796naa a2200169 i 4500 |
| 001 - NUMER KONTROLNY REKORDU | |
| podpole kontrolne | 9727 |
| 003 - IDENTYFIKATOR NUMERU KONTROLNEGO REKORDU | |
| podpole kontrolne | KOSZ 005 |
| 005 - DATA OSTATNIEJ MODYFIKACJI REKORDU | |
| podpole kontrolne | 20180410141827.0 |
| 008 - POLE O STAŁEJ DŁUGOŚCI - DANE KONTROLNE | |
| podpole kontrolne o stałej długości | 151212s2008 pl n f |100 0pol |
| 040 ## - ŹRÓDŁO KATALOGOWANIA | |
| Instytucja, która utworzyła rekord | BPK |
| Instytucja, która dokonała modyfikacji | KOSZ 005/EG |
| 100 1# - NAZWA OSOBOWA | |
| Nazwa osobowa | BOCEWICZ, Grzegorz. |
| Lata pracy | 2006 - . |
| Instytucja | Politechnika Koszalińska - Wydział Elektroniki i Informatyki, |
| Wydział | Zakład Podstaw Informatyki i Zarządzania |
| 245 10 - TYTUŁ/ODPOWIEDZIALNOŚĆ | |
| Tytuł | Projects portfolio prototyping / |
| Pozostałe elementy strefy tytułu i oznaczenia odpowiedzialności | Grzegorz Bocewicz, Wojciech Muszyński, Robert Wójcik, Zbigniew Banaszak. |
| 655 #0 - TERMIN INDEKSOWY - OKREŚLENIE RODZAJU/FORMY DOKUMENTU | |
| Określnie rodzaju/formy dokumentu | Materiały konferencyjne. |
| 700 1# - HASŁO DODATKOWE - NAZWA OSOBOWA | |
| Nazwa osobowa | BANASZAK, Zbigniew. |
| Instytucja | Politechnika Koszalińska - Wydział Elektroniki i Informatyki, |
| Wydział | Katedra Telekomunikacji |
| Lata pracy | 2003 - . |
| 773 0# - TYTUŁ DOKUMENTU MACIERZYSTEGO | |
| Wyrażenie wprowadzające | W : |
| Tytuł | Conference proceedings, Conference on Human System Interaction. - |
| Informacje dotyczące relacji | 2008 |
| 942 ## - HASŁO DODATKOWE - ELEMENTY(KOHA) | |
| Typ dokumentu | Rozdział |
| Schemat klasyfikacji | Uniwersalna klasyfikacja dziesiętna |
Brak dostępnych egzemplarzy.
